00544nam a2200157Ia 4500082001200000100002200012245018500034260003600219300001000255650002800265650001400293650001500307650001600322650003200338710001600370 aTV.0020 aVora, Niranjan B. 0aExperimental study of some of the personality and situational determinants of cognitive consistency-inconsistency with special reference to tolerance and reduction of inconsistency c1980bM.S. University of Baroda a281p. aINTOLERANCE//TOLERATION aCOGNITION aTOLERATION aPERSONALITY aDISCRIMINATION///TOLERATION aPatel, A.S.